000 00391cam a22001217a 4500
008 180718b2006 xxu||||| |||| 00| 0 eng d
020 _a0415319609
100 _aCraig, David
245 _aDevelopment beyond neoliberalism?: governance, poverty reduction and political economy
_cby David Craig and Doug Porter
260 _aLondon
_bRoutledge
_c2006
300 _a340p.
700 _aPorter, Dong
999 _c405376
_d405376